[Event "IM"]
[Site "Marianske Lazne CZE"]
[Date "2006.01.29"]
[Round "11"]
[White "Vokoun,J"]
[Black "Biolek,R1"]
[Result "0-1"]
[WhiteElo "2294"]
[BlackElo "2268"]

1.Nf3 d5 2.c4 c6 3.e3 Nf6 4.Nc3 e6 5.Qb3 Nbd7 6.Be2 Bd6 7.O-O O-O 8.a3 e5
9.cxd5 Nc5 10.Qd1 e4 11.Nd4 cxd5 12.b4 Ne6 13.Ncb5 Bb8 14.f4 exf3 15.gxf3 a6
16.Nxe6 fxe6 17.Nd4 e5 18.Nb3 Bh3 19.Rf2 Ne4 20.Qe1 Nxf2 21.Qxf2 Rf6 22.Kh1 Rg6
23.Bf1 Bxf1 24.Qxf1 Bd6 25.Bb2 Qg5 26.Rc1 Rf8 27.Qh3 Rh6 28.Qg2 Qxg2+ 29.Kxg2 Rg6+
30.Kf2 Rgf6 31.f4 R6f7 32.Kf3 exf4 33.e4 dxe4+ 34.Kxe4 f3 35.Nd4 f2 36.Rf1 Re7+  0-1

[Event "Gibtelecom Masters"]
[Site "Gibraltar ENG"]
[Date "2006.01.31"]
[Round "8"]
[White "Gomes,M"]
[Black "Fox,An"]
[Result "1-0"]
[WhiteElo "2231"]
[BlackElo "2104"]

1.Nf3 d5 2.c4 e6 3.g3 Nf6 4.Bg2 Be7 5.O-O O-O 6.b3 b6 7.Bb2 Bb7 8.d4 c5 9.e3 Nc6
10.Nc3 Rc8 11.Ne5 cxd4 12.exd4 Ba8 13.cxd5 Nxe5 14.dxe5 Nxd5 15.Ne4 Kh8 16.Qe2 Rc7
17.Rac1 Rd7 18.Rfd1 Qb8 19.Qg4 Rfd8 20.Nd6 Bxd6 21.exd6 f5 22.Qa4 Qxd6 23.Be5 Qe7
24.Bf1 a6 25.Bxa6 Ra7 26.Qc4 h6 27.a4 Kh7 28.Bb5 Qb7 29.Bc6 Qxc6 30.Qxc6 Bxc6
31.Rxc6 Nb4 32.Rcd6 Rxd6 33.Rxd6 Rc7 34.Kg2 Rb7 35.Rxe6 g5 36.Bd4 Rd7 37.Bxb6 Rd3
38.Re3 Rd1 39.a5 g4 40.Bc5 Nd3 41.b4 Nxc5 42.bxc5 Ra1 43.c6 Rxa5 44.Rc3 Ra8
45.c7 Rc8 46.Rc6 Kg7 47.Kf1 Kf7 48.Rxh6 Ke7 49.Ke2 Kd7 50.Rh7+ Ke6 51.Ke3 Ke5
52.Kd3 Kd5 53.Ke3 Ke5 54.f3 gxf3 55.Kxf3 Kf6 56.Kf4 Kg6 57.Rd7 Kf6 58.h4 Ke6
59.Rh7 Kf6 60.h5 Ke6 61.h6 Kf6 62.Rg7 Ra8 63.Rd7 Rc8 64.h7  1-0

[Event "ch-Kyiv"]
[Site "Kyiv UKR"]
[Date "2006.02.01"]
[Round "10"]
[White "Panchenko,AG"]
[Black "Moiseev,Ig"]
[Result "1-0"]
[WhiteElo "2393"]
[BlackElo "2297"]

1.Nf3 d5 2.c4 e6 3.d4 Nf6 4.g3 c6 5.Qc2 Be7 6.Bg2 O-O 7.Nbd2 b6 8.O-O Bb7
9.b3 Nbd7 10.Bb2 Rc8 11.e4 c5 12.exd5 exd5 13.Nh4 cxd4 14.Bxd4 Bc5 15.Bxc5 Nxc5
16.Rad1 Qc7 17.Qf5 Rcd8 18.Rfe1 dxc4 19.Nxc4 Bxg2 20.Nxg2 Rxd1 21.Rxd1 Rd8
22.Rxd8+ Qxd8 23.Nge3 h6 24.Ne5 Ne6 25.Nf3 Qc7 26.h4 Qc6 27.Ne5 Qc7 28.Nf3 Qc1+
29.Kg2 Qc6 30.Kh2 b5 31.Ne5 Qc7 32.Nf3 a6 33.Kg2 Qc6 34.Kh2 a5 35.Ne5 Qc7
36.Nf3 Qb7 37.Nc2 Qb6 38.Kg1 a4 39.Na3 Nc5 40.Nd4 axb3 41.axb3 b4 42.Qc8+ Kh7
43.Nc4 Qa7 44.Qf5+ Kg8 45.Qc8+ Kh7 46.Qf5+ Kh8 47.Qc8+ Ng8 48.Nc6 Qa1+ 49.Kg2 Qe1
50.N6e5 Qe4+ 51.Kh2 Nxb3 52.Nd6 Qb1 53.Qf8 Nd4 54.Qxf7 Qb3 55.Ng6+ Kh7 56.Nf8+ Kh8
57.Qxb3 Nxb3 58.Nf7+  1-0

[Event "3rd ch-Mediterranean"]
[Site "Antalya TUR"]
[Date "2006.02.02"]
[Round "2"]
[White "Djuric,S"]
[Black "Atakisi,U"]
[Result "1/2-1/2"]
[WhiteElo "2460"]
[BlackElo "2441"]

1.Nf3 d5 2.c4 c6 3.e3 Nf6 4.Nc3 g6 5.d4 Bg7 6.Be2 O-O 7.O-O Bg4 8.cxd5 cxd5
9.Qb3 Bc8 10.Ne5 e6 11.Bd2 Nfd7 12.f4 Nxe5 13.fxe5 Nc6 14.Rac1 f6 15.exf6 Bxf6
16.Na4 Bg5 17.Qc3 Rxf1+ 18.Rxf1 Ne7 19.e4 Bxd2 20.Qxd2 dxe4 21.Nc3 Nf5 22.Nxe4 Qxd4+
23.Qxd4 Nxd4 24.Bc4 b5 25.Rd1 bxc4 26.Rxd4 Bb7 27.Rxc4 Rd8 28.Nf6+ Kg7 29.Rc7+ Kxf6
30.Rxb7 h5  1/2-1/2

[Event "3rd ch-Mediterranean"]
[Site "Antalya TUR"]
[Date "2006.02.02"]
[Round "2"]
[White "Yagiz,Y"]
[Black "Lamoureux,C"]
[Result "0-1"]
[WhiteElo "2209"]
[BlackElo "2379"]

1.Nf3 d5 2.c4 e6 3.g3 c6 4.b3 Nf6 5.Bb2 Be7 6.Bg2 O-O 7.O-O Nbd7 8.d4 b6
9.Nbd2 Bb7 10.Ne5 Rc8 11.Rc1 Rc7 12.Rc2 c5 13.cxd5 Nxe5 14.d6 Nf3+ 15.Bxf3 Bxd6
16.Bxb7 Rxb7 17.dxc5 Bxc5 18.Bxf6 gxf6 19.Ne4 Qxd1 20.Rxd1 Be7 21.g4 Kg7
22.f4 Rd8 23.Rxd8 Bxd8 24.f5 Rd7 25.Kg2 Rd5 26.Rd2 Rxd2 27.Nxd2 Kf8 28.Ne4 Ke7
29.g5 fxg5 30.f6+ Ke8 31.Kf3 h5 32.Nxg5 Bxf6 33.Kf4 Bd8 34.h3 Bc7+ 35.Ke4 Ke7
36.Kd4 f6 37.Ne4 f5 38.Ng5 Bf4 39.Nf3 Kd6 40.a4 a6 41.Kc4 e5 42.b4 Bg3 43.Nd2 Be1
44.Nf3 Bf2 45.Nd2 e4 46.Nb3 Ke5 47.Nd2 f4 48.b5 a5 49.Kb3 Kd5 50.Nc4 Bc5
51.Kc3 Bb4+ 52.Kb3 Kd4 53.Nxb6 f3 54.e3+ Kd3 55.Nd5  0-1

[Event "3rd ch-Mediterranean"]
[Site "Antalya TUR"]
[Date "2006.02.02"]
[Round "3"]
[White "Citak,S"]
[Black "Makropoulou,M"]
[Result "1-0"]
[WhiteElo "2221"]
[BlackElo "2284"]

1.Nf3 d5 2.c4 c6 3.d4 Nf6 4.e3 a6 5.Nc3 b5 6.b3 Bg4 7.Be2 e6 8.O-O Nbd7 9.Bb2 Bd6
10.Ne5 Bxe2 11.Nxe2 Rc8 12.c5 Bb8 13.Nf4 O-O 14.Nfd3 a5 15.a3 Ne8 16.Bc3 Nxe5
17.dxe5 Bc7 18.f4 Ra8 19.Bd4 Qe7 20.Ra2 f6 21.g4 fxe5 22.fxe5 Rxf1+ 23.Qxf1 g6
24.Rf2 Ng7 25.Rf6 Rf8 26.h4 Rf7 27.Nf4 Bd8 28.Nh3 Ne8 29.g5 Ng7 30.Nf4 Qe8
31.Qg2 Bxf6 32.gxf6 Nf5 33.h5 Rd7 34.hxg6 hxg6 35.Nxg6 Kf7 36.Nf4 Qg8 37.Qxg8+ Kxg8
38.Nxe6 Kf7 39.Ng5+ Kg6 40.e6 Ra7 41.e7 Nxe7 42.fxe7 Rxe7 43.Nf3 Kf5 44.Kf2 Rh7
45.Ke2 Rh1 46.Kd3 Rd1+ 47.Kc2 Rh1 48.Ne5 Rh6 49.Kd3 Re6 50.Nd7 Re8 51.Bc3 Ra8
52.Ne5 b4 53.axb4 axb4 54.Bd4 Ra6 55.Nd7 Ra3 56.Nb8 Rxb3+ 57.Kc2 Ra3 58.Nxc6 b3+
59.Kb2 Ra8 60.Kxb3 Ke6 61.Kb4 Kd7 62.Kb5 Rg8 63.Nb4 Rb8+ 64.Ka4 Ra8+ 65.Kb3 Ke6
66.Nd3 Rb8+ 67.Kc3 Rc8 68.Nf4+  1-0

[Event "TCh-FRA Top 16 Gp A"]
[Site "Clichy FRA"]
[Date "2006.02.03"]
[Round "1"]
[White "Lepan,M"]
[Black "Marcelin,C"]
[Result "0-1"]
[WhiteElo "2201"]
[BlackElo "2441"]

1.Nf3 d5 2.c4 c6 3.g3 Bg4 4.Bg2 e6 5.O-O Nd7 6.d3 Ngf6 7.Nbd2 Bd6 8.Rb1 a5
9.b3 O-O 10.Bb2 Qe7 11.h3 Bh5 12.e4 dxe4 13.dxe4 Bxf3 14.Qxf3 a4 15.Qe2 e5
16.g4 axb3 17.axb3 Ra2 18.g5 Ne8 19.h4 Nc7 20.Bh3 Ne6 21.Qg4 Ndc5 22.Nf3 Nf4
23.Bc1 Nxh3+ 24.Qxh3 Nxe4 25.Be3 f5 26.Ra1 Rb2 27.g6 hxg6 28.Bg5 Nxg5 29.Nxg5 e4  0-1

[Event "Open"]
[Site "Moscow RUS"]
[Date "2006.02.03"]
[Round "6"]
[White "Pustov,P"]
[Black "Chebotarev,O"]
[Result "1/2-1/2"]
[WhiteElo "2411"]
[BlackElo "2494"]

1.Nf3 d5 2.c4 e6 3.g3 Nf6 4.Bg2 dxc4 5.Qa4+ c6 6.Qxc4 b5 7.Qb3 Bb7 8.a4 b4
9.Na3 c5 10.Nc4 Bd5 11.d3 Be7 12.e4 Bb7 13.O-O O-O 14.a5 Nbd7 15.Qc2 Rc8  1/2-1/2

[Event "3rd ch-Mediterranean"]
[Site "Antalya TUR"]
[Date "2006.02.04"]
[Round "5"]
[White "Yagiz,Y"]
[Black "Simeonidis,I"]
[Result "1/2-1/2"]
[WhiteElo "2209"]
[BlackElo "2261"]

1.Nf3 d5 2.c4 d4 3.g3 c5 4.Bg2 Nc6 5.d3 e5 6.e3 f6 7.exd4 cxd4 8.O-O Be6
9.Nbd2 Nh6 10.Re1 Be7 11.Ne4 Nf7 12.Rb1 O-O 13.h4 Rb8 14.a3 a5 15.Qa4 Bd7
16.c5 Kh8 17.Qc2 b5 18.b4 axb4 19.axb4 Be6 20.Bd2 Rc8 21.Ra1 h6 22.Qd1 Bg4
23.Qb3 f5 24.Qe6 fxe4 25.Qxg4 exf3 26.Bxf3 Bf6 27.Be4 Ne7 28.Ra7 Rc7 29.Ra8 Qxa8
30.Bxa8 Rxa8 31.Qe6 Nc6 32.Kg2 Kh7 33.Rh1 Rf8 34.Ra1 Nfd8 35.Qd5 Rcf7 36.Ra6 Bxh4
37.f3 Bg5 38.Bxg5 Nxb4 39.Qe4+ Kh8 40.Ra1 Ne6 41.f4 Nc2 42.Ra8 Ne3+ 43.Kg1 hxg5
44.Rxf8+ Rxf8 45.Qxe5 gxf4 46.Qxe6 f3 47.Qh3+ Kg8 48.Qe6+ Kh7 49.Qe4+ g6
50.Qe7+ Kg8 51.Qe6+ Kg7 52.Kf2 Nd1+ 53.Kf1 Ne3+ 54.Kf2 Nd1+ 55.Kf1 Ne3+  1/2-1/2

[Event "3rd ch-Mediterranean"]
[Site "Antalya TUR"]
[Date "2006.02.04"]
[Round "5"]
[White "Borg,A"]
[Black "Lamoureux,I"]
[Result "0-1"]
[WhiteElo "2151"]
[BlackElo "2033"]

1.Nf3 d5 2.c4 e6 3.d4 Nf6 4.g3 c6 5.Qc2 Bd6 6.Bg2 Nbd7 7.O-O O-O 8.b3 e5
9.dxe5 Nxe5 10.Bb2 Nxf3+ 11.Bxf3 dxc4 12.bxc4 Re8 13.Rd1 Qe7 14.Nd2 Be5 15.Rab1 Rb8
16.Bxe5 Qxe5 17.Qa4 Bg4 18.Qxa7 Bxf3 19.exf3 b5 20.Qa3 Rbd8 21.Nf1 Rxd1 22.Rxd1 Qe2
23.Rc1 bxc4 24.Qc3 Qxa2 25.Qxc4 Qxc4 26.Rxc4 Rc8 27.Nd2 Kf8 28.Ne4 Nd5 29.Kf1 Ke7
30.Ke2 Rc7 31.Kd3 f5 32.Nc3 Nb6 33.Rc5 g6 34.f4 Kd6 35.Ra5 Rb7 36.h4 Nd7
37.Na4 Rb3+ 38.Nc3 Rb2 39.Nd1 Rb3+ 40.Nc3 Nf6 41.Kc2 Rb7 42.Kd3 Rb2 43.Nd1 Rb3+
44.Nc3 Nd5 45.Rxd5+ cxd5 46.Kd4 Rb4+ 47.Kd3 Kc5 48.Nd1 d4 49.f3 Rb3+ 50.Ke2 Kc4
51.g4 Rb1 52.Kd2 Rxd1+ 53.Kxd1 Kd3  0-1

[Event "3rd ch-Mediterranean"]
[Site "Antalya TUR"]
[Date "2006.02.04"]
[Round "6"]
[White "Simeonidis,I"]
[Black "Lamoureux,I"]
[Result "1-0"]
[WhiteElo "2261"]
[BlackElo "2033"]

1.Nf3 d5 2.c4 dxc4 3.e3 c6 4.Bxc4 Bf5 5.Qb3 e6 6.Qxb7 Nd7 7.O-O Qc8 8.Ba6 Qxb7
9.Bxb7 Rb8 10.Bxc6 Nf6 11.d4 Bd6 12.Nc3 O-O 13.e4  1-0

[Event "ch-GER"]
[Site "Osterburg GER"]
[Date "2006.02.04"]
[Round "2"]
[White "Schunk,T1"]
[Black "Prusikin,M"]
[Result "0-1"]
[WhiteElo "2315"]
[BlackElo "2563"]

1.Nf3 d5 2.c4 e6 3.e3 Nf6 4.Nc3 Be7 5.d4 O-O 6.Be2 b6 7.O-O Bb7 8.b3 Nbd7
9.Bb2 c5 10.Ne5 Rc8 11.Rc1 cxd4 12.exd4 dxc4 13.Bxc4 Bb4 14.Qe2 Qe7 15.Nd3 Bxc3
16.Bxc3 a5 17.Nf4 Qd6 18.g3 Nd5 19.Bd2 N7f6 20.Nd3 Ne7 21.Bf4 Qc6 22.f3 Qd7
23.Be3 Nfd5 24.Bf2 Qd6 25.Qe5 Qa3 26.Qe2 h6 27.Qb2 Qd6 28.Ne5 Rfd8 29.Bd3 Nb4
30.Bb1 Bd5 31.Nc4 Qb8 32.Be3 Qa7 33.Qd2 Nf5 34.Be4 b5 35.Ne5 Rxc1 36.Rxc1 Nxe3
37.Qxe3 Bxe4 38.fxe4 Qxd4 39.Qxd4 Rxd4 40.Rc8+ Kh7 41.Nxf7 Nxa2 42.Rc5 a4
43.bxa4 bxa4 44.e5 a3 45.Ra5 Rd3 46.Nd6 Nb4 47.Kf2 a2 48.Ke2 Rb3  0-1

[Event "ch-GER"]
[Site "Osterburg GER"]
[Date "2006.02.06"]
[Round "4"]
[White "Heinig,Wo"]
[Black "Meins,G"]
[Result "1/2-1/2"]
[WhiteElo "2338"]
[BlackElo "2446"]

1.Nf3 d5 2.c4 c6 3.cxd5 cxd5 4.d4 Nf6 5.Nc3 Nc6 6.Bf4 Bf5 7.e3 e6 8.Bb5 Nd7
9.Qb3 Be7 10.O-O O-O 11.Rfc1 Na5 12.Qa4 Nf6 13.Nh4 Bg6 14.Nxg6 hxg6 15.Bd3 Nc6
16.Bb5 Qb6 17.Bxc6 bxc6 18.Qc2 Rfc8 19.Na4 Qd8 20.Qe2 Nd7 21.Rc2  1/2-1/2

[Event "TCh-HUN 2005-6"]
[Site "Hungary HUN"]
[Date "2006.02.12"]
[Round "7"]
[White "Hever,M"]
[Black "Simonyi,Z"]
[Result "0-1"]
[WhiteElo "2279"]
[BlackElo "2237"]

1.Nf3 d5 2.c4 e6 3.g3 Nf6 4.Bg2 Be7 5.O-O O-O 6.b3 c5 7.Bb2 Nc6 8.cxd5 Nxd5
9.Nc3 Bf6 10.Rc1 Nde7 11.Na4 Bxb2 12.Nxb2 Qd6 13.Qc2 b6 14.Ng5 f5 15.Nc4 Qc7
16.Qb2 Bd7 17.a3 b5 18.Ne3 Qd6 19.Qc3 Nd4 20.Qxc5 Qxc5 21.Rxc5 Rac8 22.Rxc8 Nxe2+
23.Kh1 Rxc8 24.Nf3 Nc6 25.Nc2 Na5 26.Ncd4 Nxd4 27.Nxd4 e5 28.Bd5+ Kf8 29.Ne6+ Ke7
30.Nxg7 Kd6 31.Bg2 Nxb3 32.Bh3 Nd4 33.f4 e4 34.Bg2 Rc2 35.Rd1 Ra2 36.g4 fxg4
37.Bxe4 Rxa3 38.f5 Ke5 39.Re1 Kf6 40.Nh5+ Kg5 41.f6 Be6 42.Rf1 Nf3 43.Ng3 Kxf6
44.d4 Bc4 45.Rd1 Ra2 46.Bxf3 gxf3 47.d5 Bxd5  0-1

[Event "TCh-BEL 2005-6"]
[Site "Belgium BEL"]
[Date "2006.02.19"]
[Round "9"]
[White "Parmentier,X"]
[Black "Gohla,U"]
[Result "1/2-1/2"]
[WhiteElo "2299"]
[BlackElo "2199"]

1.Nf3 d5 2.c4 d4 3.d3 Nc6 4.g3 e5 5.Bg2 Be7 6.O-O Nf6 7.e3 O-O 8.exd4 exd4
9.a3 a5 10.Re1 Nd7 11.Nbd2 Nc5 12.Ne4 Bg4 13.Nxc5 Bxc5 14.h3 Bh5 15.Qb3 Bxf3
16.Bxf3 Qf6 17.Bg2 Nd8 18.Qb5 Bd6 19.Qh5 c6 20.Bg5 Qg6 21.Qxg6 hxg6 22.Bxd8 Raxd8
23.Re4 Rfe8 24.Rae1  1/2-1/2

[Event "EU-chT Seniors"]
[Site "Dresden GER"]
[Date "2006.02.19"]
[Round "3"]
[White "Biebinger,G"]
[Black "Raedeker,B"]
[Result "1/2-1/2"]
[WhiteElo "2315"]
[BlackElo "2238"]

1.Nf3 d5 2.c4 dxc4 3.e3 Nf6 4.Bxc4 e6 5.d4 a6 6.Qe2 c5 7.dxc5 Bxc5 8.O-O Nc6
9.e4 b5 10.e5 Nd7 11.Bd3 Bb7 12.Be4 Qb6 13.Rd1 h6 14.Nc3 g5 15.h3 O-O-O 16.a3 Qc7
17.b4 Be7 18.Bb2 Nb6 19.a4 Rxd1+ 20.Rxd1 Nxb4 21.Bxb7+ Kxb7 22.axb5 a5 23.Ne4 Rd8
24.Rc1 Qd7 25.Nd4 Rc8 26.Rd1 Qc7 27.Qf3 N6d5 28.Qxf7 Qxe5 29.f3 Rc7 30.Ba1 Qf4
31.Qxe6 Rc1 32.Qd7+ Rc7 33.Qe6 Rc1 34.Qd7+ Rc7  1/2-1/2

[Event "Gran Abierto Mexicano"]
[Site "Morelia MEX"]
[Date "2006.02.19"]
[Round "7"]
[White "Hernandez,Ed"]
[Black "Almeida Saenz,A"]
[Result "0-1"]
[WhiteElo "2354"]
[BlackElo "2369"]

1.Nf3 d5 2.c4 c6 3.b3 Bg4 4.Ne5 Bf5 5.Bb2 e6 6.g3 Nf6 7.Bg2 Nbd7 8.Nf3 a5
9.d3 h6 10.a3 Be7 11.Nbd2 O-O 12.O-O Qb6 13.Rc1 Rfd8 14.Rc2 c5 15.Nh4 Bh7
16.cxd5 exd5 17.Qa1 a4 18.bxa4 Rxa4 19.Rc3 Qa6 20.Qe1 b5 21.Nb1 c4 22.Rc1 Nc5
23.Nc3 Ra5 24.Na2 Nb3 25.Nb4 Bxb4 26.axb4 Ra2 27.Rb1 d4 28.Qd1 Qa4 29.Nf3 Bf5
30.h3 Be6 31.dxc4 bxc4 32.Nxd4 Rxb2 33.Rxb2 Rxd4 34.Qe1 Nd5 35.Bxd5 Rxd5
36.Kh2 Rb5 37.Qb1 Qxb4 38.Ra2 Rb8 39.Rd1 Qc5 40.Kg2 c3 41.Qe4 Qf5 42.Qc6 Nd2
43.Raxd2 cxd2 44.Rxd2 Qxh3+ 45.Kg1  0-1

[Event "Festival de Meurthe-et-Moselle A"]
[Site "Nancy FRA"]
[Date "2006.02.20"]
[Round "1"]
[White "Adrian,C"]
[Black "Brunner,N"]
[Result "0-1"]
[WhiteElo "2278"]
[BlackElo "2395"]

1.Nf3 d5 2.c4 c6 3.d4 Nf6 4.Nc3 dxc4 5.e4 b5 6.e5 Nd5 7.a4 e6 8.axb5 Nxc3
9.bxc3 cxb5 10.Ng5 Bb7 11.Qg4 Qd7 12.Be2 h5 13.Qf4 Bd5 14.O-O Nc6 15.Bf3 Nd8
16.Ne4 Nb7 17.Re1 Qc6 18.Qg5 a5 19.Ba3 Ra6 20.Bxf8 Kxf8 21.Nd6 Nxd6 22.exd6 f6
23.Bxd5 Qxd6 24.Qe3 Qxd5 25.Qf4 Kf7 26.Qc7+ Kg6 27.Rxa5 Rxa5 28.Qxa5 Ra8
29.Qc7 Ra2 30.h4 Qf5 31.Qg3+ Kh7 32.Re3 Rd2 33.Qf3 Qxf3 34.gxf3 Rd1+ 35.Kg2 Rd3
36.Rxe6 Rxc3 37.Rb6 Rb3 38.Kf1 Kg6 39.Ke1 Kf5 40.Kd2 g5 41.Kc2 gxh4 42.d5 h3
43.d6 Ke6 44.d7+ Kxd7 45.Rb7+ Kc6 46.Rh7 Rxf3 47.Rxh5 b4  0-1

[Event "EU-chT Seniors"]
[Site "Dresden GER"]
[Date "2006.02.21"]
[Round "5"]
[White "Werchan,H"]
[Black "Strand,Ka"]
[Result "1-0"]
[WhiteElo "2138"]
[BlackElo "2062"]

1.Nf3 d5 2.c4 e6 3.g3 c6 4.Bg2 Nd7 5.b3 Be7 6.Bb2 Bf6 7.d4 Ne7 8.O-O O-O
9.Nc3 Ng6 10.e4 dxc4 11.e5 Be7 12.bxc4 c5 13.Ne4 cxd4 14.Qxd4 Nb6 15.Nd6 f6
16.c5 Nd7 17.Rad1 Qc7 18.Nxc8  1-0

[Event "2nd ch-SCG Women"]
[Site "Tivat SCG"]
[Date "2006.02.21"]
[Round "1"]
[White "Maksimovic,S"]
[Black "Stojanovic,An"]
[Result "1/2-1/2"]
[WhiteElo "2276"]
[BlackElo "2193"]

1.Nf3 d5 2.c4 c6 3.g3 Nf6 4.Bg2 g6 5.b3 Bg7 6.Bb2 O-O 7.O-O b6 8.d3 Bb7 9.Nbd2 Nbd7
10.Qc2 Re8 11.Ne5 c5 12.Nxd7 Qxd7 13.cxd5 Bxd5 14.e4 Bb7 15.Nc4 Nh5 16.Ne5 Bxe5
17.Bxe5 Ba6 18.Rad1 Rad8 19.Bb2 Ng7 20.Qc3 e5 21.Rfe1 f6 22.b4 cxb4 23.Qxb4 Ne6
24.Bh3 Qb5 25.Qxb5 Bxb5 26.Bxe6+ Rxe6 27.d4 exd4 28.Rxd4 Rxd4 29.Bxd4 Bc6
30.e5 fxe5 31.Bxe5 Bd5 32.f4 h5 33.Rc1 Rc6 34.Rxc6 Bxc6 35.Kf2 Kf7 36.h3 Bd7
37.Kg2 Bf5 38.h4 Ke6 39.Kf3 Kd5 40.Ke3 Kc4 41.Kd2 b5 42.Kc1 Kd3 43.Kb2 Ke3
44.Bf6 Kf3 45.Kc3 a5 46.a3 Kxg3 47.Bg5 Be6 48.Kb2 Kf3  1/2-1/2

[Event "TCh-CZE Extraliga 2005-6"]
[Site "Czech Rep CZE"]
[Date "2006.02.26"]
[Round "9"]
[White "Voloshin,L"]
[Black "Neuman,P"]
[Result "1-0"]
[WhiteElo "2466"]
[BlackElo "2414"]

1.Nf3 d5 2.c4 c6 3.e3 Nf6 4.Nc3 a6 5.d4 b5 6.cxb5 cxb5 7.Ne5 e6 8.Bd3 Bb7
9.O-O Be7 10.f4 Nbd7 11.Bd2 O-O 12.Rf3 Ne4 13.Rh3 g6 14.Be1 f6 15.Nxd7 Qxd7
16.Rf3 Rac8 17.Rf1 Rc7 18.Ne2 b4 19.a3 bxa3 20.bxa3 Nd6 21.Qb1 Nf5 22.Bd2 Bc6
23.Nc3 Rd8 24.Re1 Kf7 25.Qa2 Nd6 26.Rab1 Rdc8 27.Bxa6 Ra8 28.Bd3 Nc4 29.Bxc4 Rxa3
30.Qc2 dxc4 31.Rb8 f5 32.Reb1 Ra8 33.Rxa8 Bxa8 34.Qa4 Bc6 35.Qa2 Bd5 36.Be1 Ra7
37.Qc2 Qc6 38.Qb2 Ra3 39.Qc2 Qa8 40.h3 h6 41.Kh2 Be4 42.Nxe4 Qxe4 43.Qxe4 fxe4
44.Rb7 Ra4 45.Bh4 g5 46.fxg5 Kf8 47.Rb8+  1-0

[Event "1st ONGC Cup"]
[Site "Hyderabad IND"]
[Date "2006.02.26"]
[Round "2"]
[White "Soumitra,M"]
[Black "Reefat,S"]
[Result "0-1"]
[WhiteElo "2207"]
[BlackElo "2478"]

1.Nf3 d5 2.c4 c6 3.g3 Nf6 4.b3 Bg4 5.Bg2 Nbd7 6.Bb2 e6 7.d3 Bc5 8.Nbd2 O-O
9.O-O a5 10.Qc2 Qe7 11.h3 Bh5 12.d4 Ba3 13.Bxa3 Qxa3 14.Qc1 Qxc1 15.Rfxc1 h6
16.Re1 Bg6 17.Nb1 Ne4 18.Nfd2 f5 19.Nxe4 dxe4 20.Nc3 e5 21.Rad1 Rae8 22.d5 Nc5
23.dxc6 bxc6 24.Rd6 Rf6 25.Red1 Kf7 26.Rxf6+ gxf6 27.f3 exf3 28.exf3 f4 29.Ne2 fxg3
30.Nxg3 Ke7 31.f4 exf4 32.Re1+ Kd7 33.Rxe8 Bxe8 34.Ne2 Bg6 35.Nd4 Ne4 36.Ne2 Nd2
37.Kf2 Bb1 38.Nc3 Bd3 39.Nd1 Kd6 40.Ke1 Be4 41.Bxe4 Nxe4 42.a3 Nc5 43.Nf2 Nxb3
44.Ng4 Ke6 45.Nxh6 Nd4 46.Ng4 Nf3+ 47.Kd1 Ne5 48.Nf2 Nxc4  0-1

[Event "1st ONGC Cup"]
[Site "Hyderabad IND"]
[Date "2006.03.03"]
[Round "8"]
[White "Soumitra,M"]
[Black "Gokhale,C"]
[Result "0-1"]
[WhiteElo "2207"]
[BlackElo "2368"]

1.Nf3 d5 2.c4 e6 3.b3 Nf6 4.g3 Be7 5.Bg2 O-O 6.O-O c5 7.Bb2 Nc6 8.e3 Re8
9.a3 b6 10.d3 Bb7 11.Nbd2 Rc8 12.Qc2 Qc7 13.Rac1 Qb8 14.Bc3 Nd7 15.Qb2 Bf6
16.Bxf6 Nxf6 17.d4 cxd4 18.exd4 dxc4 19.Nxc4 Red8 20.Rfd1 Ne7 21.Qe2 Nf5
22.Qe5 Qa8 23.Ne1 Bxg2 24.Nxg2 Rd5 25.Qe2 Nxd4 26.Qb2 Rcd8 27.Nce3 R5d7 28.Ne1 h6
29.Rd2 Ne4 30.Rxd4 Rxd4 31.Nf3 Nxg3  0-1

[Event "XXII Open"]
[Site "Reykjavik ISL"]
[Date "2006.03.06"]
[Round "1"]
[White "Matamoros Franco,C"]
[Black "Mouradian,K"]
[Result "1-0"]
[WhiteElo "2510"]
[BlackElo "2190"]

1.Nf3 d5 2.c4 c6 3.g3 Nf6 4.Bg2 Nbd7 5.d4 e6 6.O-O Bd6 7.Nc3 O-O 8.Nd2 e5
9.cxd5 exd4 10.dxc6 dxc3 11.Nc4 Bxg3 12.cxd7 Bxh2+ 13.Kxh2 Bxd7 14.Kg1 Qc7
15.Qd4 Be6 16.b3 Rac8 17.Bf4 Rfd8 18.Bxc7 Rxd4 19.Be5 Rg4 20.Bxc3 Nd5 21.Bd2  1-0

[Event "U20ch-RUS w"]
[Site "Cheboksary RUS"]
[Date "2006.03.10"]
[Round "9"]
[White "Chistiakova,T"]
[Black "Tairova,E"]
[Result "0-1"]
[WhiteElo "2326"]
[BlackElo "2294"]

1.Nf3 d5 2.c4 c6 3.b3 Bf5 4.Bb2 e6 5.g3 Nf6 6.Bg2 Bd6 7.O-O h6 8.d3 Bh7 9.Nbd2 Nbd7
10.e4 dxe4 11.Nxe4 Be7 12.Qe2 O-O 13.Rad1 Qa5 14.Nd4 e5 15.Bc3 Qc7 16.Nf3 Rfe8
17.Rfe1 Bxe4 18.dxe4 a5 19.Qb2 Bb4 20.Nh4 Nc5 21.a3 Bxc3 22.Qxc3 Rad8 23.Qe3 Ne6
24.Nf5 c5 25.Qc3 Rxd1 26.Rxd1 Nd4 27.Nxd4 cxd4 28.Qd3 Qd6 29.f4 Qxa3 30.fxe5 Ng4
31.Qxd4 Nxe5 32.Qb6 Re6 33.Qxb7 Qc5+ 34.Kh1 Ng4 35.Rd8+ Kh7 36.h3 Qg5 37.hxg4 Qxd8
38.Qxf7 Re5 39.Qf4 Qd1+ 40.Kh2 Qd4 41.Bf3 Qc5 42.Kg2 Re6 43.Qf7 Qe5 44.Qd7 Rf6
45.Qd3 Rd6 46.Qc2 Kh8 47.Kh3 Rf6 48.Kg2 Rb6 49.Kh3 Rd6 50.Kg2 Qg5 51.Kh3 Qe3
52.e5 Rd3  0-1

[Event "US Masters"]
[Site "Hendersonville USA"]
[Date "2006.03.11"]
[Round "1"]
[White "Brookshear,H"]
[Black "Pupols,V"]
[Result "0-1"]
[WhiteElo "2018"]
[BlackElo "2239"]

1.Nf3 d5 2.c4 dxc4 3.Qa4+ c6 4.Qxc4 Nd7 5.d4 Ngf6 6.g3 e6 7.Bg2 Be7 8.O-O O-O
9.Rd1 Qa5 10.Nc3 e5 11.dxe5 Nxe5 12.Nxe5 Qxe5 13.Qf4 Qxf4 14.Bxf4 Be6 15.e4 Rfd8
16.h3 Kf8 17.Be3 Nd7 18.f4 f6 19.Kf2 Nc5 20.Bf1 b5 21.b4 Nd7 22.Rab1 Nb6
23.Bc5 Bf7 24.Bxe7+ Kxe7 25.Ke3 Rxd1 26.Rxd1 a5 27.bxa5 Rxa5 28.Rb1 Ra3 29.Kd2 Na4
30.Nxa4 Rxa4 31.Rb2 Bxa2 32.Bg2 Bc4 33.e5 fxe5 34.Bxc6 exf4 35.gxf4 Ra6 36.Be4 Rh6
37.Bg2  0-1

[Event "US Masters"]
[Site "Hendersonville USA"]
[Date "2006.03.11"]
[Round "2"]
[White "Margvelashvili,G"]
[Black "Ludwig,D"]
[Result "1/2-1/2"]
[WhiteElo "2434"]
[BlackElo "2356"]

1.Nf3 d5 2.c4 c6 3.g3 Nf6 4.Bg2 dxc4 5.O-O g6 6.Na3 Bg7 7.Nxc4 O-O 8.b3 Nbd7
9.Bb2 Nb6 10.Qc2 a5 11.Bd4 Nfd5 12.Bxg7 Kxg7 13.Qb2+ f6 14.e4 Nb4 15.d4 a4
16.bxa4 Nxc4 17.Qxb4 Nb6 18.a5 Nd7 19.Nd2 Qxa5 20.Rfb1 Qxb4 21.Rxb4 c5 22.dxc5 Nxc5
23.Nb3 Nxb3 24.Rxb3 e5 25.a4 Ra7 26.Bf1 Bd7 27.Bb5 Bxb5 28.Rxb5 g5 29.a5 Rd8
30.Kg2 Kg6 31.Rc1 Rd4 32.Kf3 g4+ 33.Kxg4 Rxe4+ 34.Kf3 Ra4 35.Rcc5 Kf5 36.Kg2 Ra2
37.h3 h5 38.Rd5 Kg5 39.Rb6 Ra6 40.Rxb7 R6xa5 41.Rg7+ Kf5 42.Rxa5 Rxa5 43.Rh7 Kg6
44.Rb7  1/2-1/2

[Event "XXII Open"]
[Site "Reykjavik ISL"]
[Date "2006.03.11"]
[Round "6"]
[White "Thorsteinsson,E"]
[Black "Thorgeirsson,S"]
[Result "1/2-1/2"]
[WhiteElo "2147"]
[BlackElo "1954"]

1.Nf3 d5 2.c4 d4 3.d3 c5 4.g3 Nc6 5.Bg2 Nf6 6.O-O e5 7.e3 Bg4 8.Qa4 Qd7 9.exd4 exd4
10.Re1+ Be7 11.Bg5 O-O 12.Na3 h6 13.Bd2 Rfe8 14.Qb3 Rac8 15.Rab1 Bd6 16.Nb5 Bb8
17.Na3 Bf5 18.Nc2 Bg6 19.Rxe8+ Rxe8 20.Re1 Rxe1+ 21.Ncxe1 b6 22.Qd1 Qe6 23.Qc1 Ne5
24.Nxe5 Bxe5  1/2-1/2

[Event "ch-USA GpA"]
[Site "San Diego USA"]
[Date "2006.03.11"]
[Round "9"]
[White "Gurevich,D"]
[Black "Schneider,Dm"]
[Result "1-0"]
[WhiteElo "2503"]
[BlackElo "2486"]

1.Nf3 d5 2.c4 e6 3.e3 Nf6 4.d4 c5 5.Nc3 Nc6 6.a3 a6 7.dxc5 Bxc5 8.b4 Ba7
9.Bb2 O-O 10.Be2 dxc4 11.Bxc4 b5 12.Bd3 Bb7 13.Qe2 Qe7 14.O-O Rac8 15.Rac1 Nb8
16.Rfd1 Nbd7 17.Bb1 Nb6 18.Nd2 Nc4 19.Nxc4 Rxc4 20.h3 Rfc8 21.Bd3 R4c7 22.Na2 Rxc1
23.Rxc1 Rxc1+ 24.Nxc1 Bb8 25.Nb3 Nd7 26.Na5 Ba8 27.Qc2 f5 28.Qc8+ Kf7 29.Qxa6 Bd5
30.Bxb5 Qg5 31.Bf1 f4 32.Qd3 Ne5 33.Bxe5 Qxe5 34.exf4 Qxf4 35.g3 Qc1 36.Nc4 Bxc4
37.Qxc4 Qxa3 38.Qe4 Bd6 39.b5 Qc5 40.Bc4 Qe5 41.Qxh7 Bc5 42.Kg2 Bxf2 43.Kxf2 Qd4+
44.Ke2 Qxc4+ 45.Qd3 Qb4 46.h4 Ke7 47.Kf3 Qc5 48.Kf4 Kf7 49.Ke4 Qb4+ 50.Kf3 Ke7
51.h5 Qc5 52.Kg4 Kf8 53.Qd8+ Kf7 54.Qd7+ Kf6 55.Qd8+ Kf7 56.Qg5 Qb6 57.Qf4+ Kg8
58.Qe5 Kh7 59.Qe4+ Kh8 60.Qa8+ Kh7 61.Qe4+ Kh8 62.Qc4 Qe3 63.Kh4 e5 64.Qc8+ Kh7
65.Qf5+ Kh8 66.h6 gxh6 67.Kh5 e4 68.Qf6+ Kg8 69.b6 Qe2+ 70.Kxh6 Qh2+ 71.Qh4 Qb2
72.Qd8+ Kf7 73.Qd7+ Kf8 74.Qf5+ Kg8 75.Qxe4 Qd2+ 76.Qf4 Qh2+ 77.Qh4 Qg2 78.Qd8+ Kf7
79.Qc7+ Kf6 80.Qf4+ Ke6 81.g4 Qb2 82.Kg6 Qg2 83.b7 Kd7 84.b8=Q Qe4+  1-0

[Event "2nd Bundesliga West 2005-6"]
[Site "Austria AUT"]
[Date "2006.03.17"]
[Round "9"]
[White "Dizdar,G"]
[Black "Novkovic,Mi"]
[Result "1-0"]
[WhiteElo "2531"]
[BlackElo "2402"]

1.Nf3 d5 2.c4 c6 3.d4 e6 4.e3 f5 5.Bd3 Nf6 6.O-O Bd6 7.b3 Qe7 8.Bb2 O-O 9.Qc1 b6
10.Ba3 c5 11.cxd5 Nxd5 12.dxc5 bxc5 13.Nbd2 Nd7 14.Re1 Nb4 15.Bf1 Bb7 16.Bb2 Nc6
17.Qc3 e5 18.Bc4+ Kh8 19.Bd5 e4 20.Nc4 Rf6 21.Nxd6 Rxd6 22.Bxc6 Bxc6 23.Nh4 Rg6
24.Nxg6+ hxg6 25.Red1 Bb5 26.Rd6 Kh7 27.Rad1 Rc8 28.h3 Bd3 29.Qxg7+ Qxg7
30.Bxg7  1-0